| 000 | 00537nam a2200181Ia 4500 | ||
|---|---|---|---|
| 008 | 191130s2000##################000#0#eng## | ||
| 020 | _a9780521783330 | ||
| 040 |
_aACL _cACL |
||
| 082 | _a338.6048 NOR | ||
| 245 |
_aMarket structure and competition policy _cedited by George norman, Jacqsues-francois thisse |
||
| 260 |
_aCambridge _bCambridge University Press _c2000 |
||
| 300 | _a293 p.23 cm | ||
| 650 | _aEconomics | ||
| 700 | _aNorman, George | ||
| 990 | _a9a672278ac10000c59e4be6721376b6e | ||
| 991 | _a209343 | ||
| 999 |
_c4029 _d4029 |
||